Taio Cruz Discography - Statistics

General Stats
  • This quiz has been taken 6 times
  • The average score is 4 of 6
Answer Stats
Year Name Type % Correct
2009 Rokstarr Album
100%
2008 Departure Album
75%
2011 TY.O Album
75%
2012 The Fast Hits EP
50%
2011 iTunes Session Live Album
25%
2010 The Rokstarr Collection Compilation
25%
No matching quizzes found
Score Distribution
Percent of People with Each Score
Percentile by Number Answered
Your Score History
You have not taken this quiz